| 000 | 00645nam a2200229Ia 4500 | ||
|---|---|---|---|
| 008 | 150520s9999 xx 000 0 und d | ||
| 050 | _aHF 5415 | ||
| 050 | _b.P132 2015 | ||
| 100 | _aPagdato, Julius D. | ||
| 245 | _aEmail marketing automation : | ||
| 245 | _bapplying the customer lifecycle to the toeic program / | ||
| 245 | _cJulius D. Pagdato. | ||
| 260 | _aLas PiƱas, Philippines : | ||
| 260 | _bSISC, | ||
| 260 | _c2015. | ||
| 300 | _a101 pages : | ||
| 300 | _billustrations ; | ||
| 300 | _c28 cm. | ||
| 500 | _aIncludes bibliographical references and appendices. | ||
| 650 | _aInternet Marketing | ||
| 650 | _aMarketing | ||
| 999 |
_c284088 _d284088 |
||